LEADER 00761nam a2200229 i 4500 001 991002060619707536 005 20020503160714.0 008 001103s1962 fr ||| | fre 035 $ab10311154-39ule_inst 035 $aEXGIL96866$9ExL 040 $aBiblioteca Interfacoltà$bita 082 0 $a843.91 100 1 $aPerret, Jacques$081546 245 13$aLe caporal épinglé /$cJacques Perret 260 $aParis :$bGallimard,$c1962 300 $a507 p. 907 $a.b10311154$b02-04-14$c27-06-02 912 $a991002060619707536 945 $aLE002 Fr. V L 4$g1$i2002000960931$lle002$o-$pE0.00$q-$rl$s- $t0$u0$v0$w0$x0$y.i10366970$z27-06-02 996 $aCaporal épinglé$9201486 997 $aUNISALENTO 998 $ale002$b01-01-00$cm$da $e-$ffre$gfr $h3$i1 LEADER 01603nam a2200349 i 4500 001 991001850089707536 008 121011s2010 riua b 100 0 eng d 020 $a9780821847404 035 $ab14080631-39ule_inst 040 $aDip.to Matematica e Fisica$beng 082 00$a512.55$222 084 $aAMS 46S10 084 $aAMS 11S10 084 $aAMS 12J25 084 $aAMS 16W30 084 $aLC QA241.I5848 111 2 $aInternational Conference on p-Adic and Non-Archimedean Analysis$n<10th :$d2008 :$cMichigan State University>$0477590 245 10$aAdvances in p-Adic and non-Archimedean analysis :$btenth International Conference, June 30-July 3, 2008, Michigan State University, East Lansing, Michigan /$cMartin Berz, Khodr Shamseddine, editors 260 $aProvidence, R. I. :$bAmerican Mathematical Society,$cc2010 300 $avii, 269 p. :$bill. ;$c26 cm 440 0$aContemporary mathematics,$x0271-4132 ;$v508 504 $aIncludes bibliographical references 650 0$ap-adic analysis$vCongresses 650 0$aTopological fields$vCongresses 700 1 $aBerz, Martin$eauthor$4http://id.loc.gov/vocabulary/relators/aut$0732177 700 1 $aShamseddine, Khodr$eauthor$4http://id.loc.gov/vocabulary/relators/aut$0732178 907 $a.b14080631$b13-11-12$c11-10-12 912 $a991001850089707536 945 $aLE013 46S BER11 (2010)$g1$i2013000216751$lle013$op$pE88.00$q-$rl$s- $t0$u0$v0$w0$x0$y.i15454770$z08-11-12 996 $aAdvances in p-Adic and non-Archimedean analysis$91442544 997 $aUNISALENTO 998 $ale013$b11-10-12$cm$da $e-$feng$griu$h0$i0 LEADER 05974oam 22013334 450 001 9910788527203321 005 20230721050737.0 010 $a1-4623-5348-7 010 $a1-4527-7168-5 010 $a1-280-89046-0 010 $a1-4518-7928-8 010 $a9786613731777 035 $a(CKB)3360000000438390 035 $a(EBL)1608461 035 $a(SSID)ssj0000949373 035 $a(PQKBManifestationID)11512173 035 $a(PQKBTitleCode)TC0000949373 035 $a(PQKBWorkID)10997652 035 $a(PQKB)10901727 035 $a(OCoLC)535146904 035 $a(MiAaPQ)EBC1608461 035 $a(IMF)1DMAEE2007001 035 $a(IMF)1DMAEA2007001 035 $a(EXLCZ)993360000000438390 100 $a20020129d2007 uf 0 101 0 $aeng 135 $aurcn||||||||| 181 $ctxt 182 $cc 183 $acr 200 10$aDominica : $eSeventh Review Under the Three-Year Arrangement Under the Poverty Reduction and Growth Facility and Financing Assurances Review 210 1$aWashington, D.C. :$cInternational Monetary Fund,$d2007. 215 $a1 online resource (49 p.) 225 1 $aIMF Staff Country Reports 300 $aCover title. 300 $a"Prepared by a staff team of the International Monetary Fund as background documentation for the periodic consultation with this member country." 300 $a"January 2007." 311 $a1-4518-1095-4 327 $aCover; Contents; Executive Summary ; I. Background; II. Macroeconomic Outlook and Policy Discussions; A. Fiscal Policies; Text Box; 1. Fiscal Performance and Adjustment in FY 2005/06; B. Debt Restructuring; C. Structural Reforms and Other Issues; III. Staff Appraisal; Annex; I. The Reform of Dominica Social Security; Tables; 1. Selected Economic and Social Indicators; 2. Quantitative Performance Criteria (PC) and Indicative Targets (IT); 3. Structural Benchmarks and Other Structural Reforms; 4. Summary Accounts of the Central Government; 5. Balance of Payments 327 $a6. Summary Accounts of the Banking System 7. Medium-Term Macroeconomic Framework; 8. Public Sector Debt Sustainability Framework, Baseline Scenario 2003-26; 9. Financial and External Vulnerability Indicators; 10. Schedule of Disbursements Under the PRGF Arrangement; 11. Indicators of Capacity to Repay the Fund, 2003-10; Appendices; I. Fund Relations.; II. Relations with the World Bank; III. Relations with the Caribbean Development Bank (CDB); IV. Statistical Issues; Attachments; I. Letter of Intent; II. Supplementary Memorandum of Economic Policies of the Government of Dominica 330 3 $aThis paper discusses key findings of the Seventh Review Under the Poverty Reduction and Growth Facility (PRGF) for Dominica. Policy implementation under the program has remained strong. All end-June 2006 performance criteria were met, and all indicative targets for end-June and end-September were met with comfortable margins. Progress has been made on the structural benchmarks for the Seventh Review. Fiscal performance in FY2005/06 was commendably strong, and the FY2006/07 budget reflects a continuation of strong fiscal policies. 410 0$aIMF Staff Country Reports; Country Report ;$vNo. 2007/001 606 $aFiscal policy$zDominica 606 $aDebt relief$zDominica 606 $aStructural adjustment (Economic policy)$zDominica 606 $aFinancial Risk Management$2imf 606 $aLabor$2imf 606 $aMacroeconomics$2imf 606 $aPublic Finance$2imf 606 $aTaxation$2imf 606 $aTaxation, Subsidies, and Revenue: General$2imf 606 $aDebt$2imf 606 $aDebt Management$2imf 606 $aSovereign Debt$2imf 606 $aNational Government Expenditures and Related Policies: General$2imf 606 $aInstitutions and the Macroeconomy$2imf 606 $aBusiness Taxes and Subsidies$2imf 606 $aPublic finance & taxation$2imf 606 $aFinance$2imf 606 $aLabour$2imf 606 $aincome economics$2imf 606 $aRevenue administration$2imf 606 $aDebt restructuring$2imf 606 $aPublic financial management (PFM)$2imf 606 $aStructural reforms$2imf 606 $aValue-added tax$2imf 606 $aAsset and liability management$2imf 606 $aTaxes$2imf 606 $aMacrostructural analysis$2imf 606 $aRevenue$2imf 606 $aDebts, External$2imf 606 $aFinance, Public$2imf 606 $aSpendings tax$2imf 607 $aDominica$xEconomic conditions 607 $aDominica$xEconomic policy 607 $aDominica$2imf 615 0$aFiscal policy 615 0$aDebt relief 615 0$aStructural adjustment (Economic policy) 615 7$aFinancial Risk Management 615 7$aLabor 615 7$aMacroeconomics 615 7$aPublic Finance 615 7$aTaxation 615 7$aTaxation, Subsidies, and Revenue: General 615 7$aDebt 615 7$aDebt Management 615 7$aSovereign Debt 615 7$aNational Government Expenditures and Related Policies: General 615 7$aInstitutions and the Macroeconomy 615 7$aBusiness Taxes and Subsidies 615 7$aPublic finance & taxation 615 7$aFinance 615 7$aLabour 615 7$aincome economics 615 7$aRevenue administration 615 7$aDebt restructuring 615 7$aPublic financial management (PFM) 615 7$aStructural reforms 615 7$aValue-added tax 615 7$aAsset and liability management 615 7$aTaxes 615 7$aMacrostructural analysis 615 7$aRevenue 615 7$aDebts, External 615 7$aFinance, Public 615 7$aSpendings tax 676 $a338.2689 712 02$aInternational Monetary Fund.$bWestern Hemisphere Dept. 801 0$bDcWaIMF 906 $aBOOK 912 $a9910788527203321 996 $aDominica$91144102 997 $aUNINA